000
00203 a2200097 4500
001
52550
100
_a
Asimov Isaac
245
_a
Night Fall Two
260
_a
London
_b
Granada
_c
090
_c
33037
_d
33037
942
_a
NUST-CAE
_c
M
_c
25600
999
_c
287623
_d
287623